An appeal in behalf of the Indiana theological seminary : located at South Hanover, Indiana.

Saved in:
நூற்பட்டியல் விவரங்கள்
தலைமை எழுத்தாளர்: Cressy, Benjamin Cothen, 1798-1834.
வடிவம்: புத்தகம்
மொழி:English
வெளியீடப்பட்டது: Boston : Printed by Peirce & Parker, 1832.
பகுதிகள்:
குறியீடுகள்: குறிச்சொல் இணை
குறியீடுகள் இல்லை, இந்த குறிச்சொல்லை முதலில் பதிவு செய்யுங்கள்!
LEADER 01069cam a2200241Ia 4500
001 005164357-X
005 20020606095253.2
008 801209s1832 mau 000 0 eng
010 |a  24025234  
035 0 |a ocm07015676 
040 |a DLC  |c SYB  |d SYB  |d HLS 
050 0 0 |a BV4070.M26  |b C7 
100 1 |a Cressy, Benjamin Cothen,  |d 1798-1834. 
245 1 3 |a An appeal in behalf of the Indiana theological seminary :  |b located at South Hanover, Indiana. 
260 |a Boston :  |b Printed by Peirce & Parker,  |c 1832. 
300 |a [3], 4-16 p. ;  |c 21 cm. 
500 |a Signed, p. 16: B.C. Cressy. 
500 |a Indiana theological seminary, after many changes, became the present McCormick theological seminary of the Presbyterian church, Chicago. 
510 4 |a Shaw & Shoemaker  |c 12029 
610 2 0 |a McCormick Theological Seminary of the Presbyterian Church, Chicago. 
776 0 8 |i Online version:  |a Cressy, Benjamin Cothen, 1798-1834.  |t Appeal in behalf of the Indiana theological seminary.  |d Boston : Printed by Peirce & Parker, 1832  |w (OCoLC)953811513 
988 |a 20020608 
906 |0 DLC